| 000 | 00827nam a2200217 i 4500 | ||
|---|---|---|---|
| 001 | 174319 | ||
| 003 | ES-MaACL | ||
| 005 | 20230906215508.0 | ||
| 008 | 100331s1983 sp |||| |aspa d | ||
| 020 | _a84-85735-23-4 | ||
| 080 | _a929 Parra Salmerón, Sófocles | ||
| 080 | _a342.811(46)(092.2) | ||
| 100 | 1 |
_aParra Salmerón, Sófocles. _9142422 |
|
| 245 | 1 | 0 |
_aPor qué los hombres de la C.N.T. tomaron destinos en la cárcel en 1940 _b: en Porlier y Carabanchel Alto / _cpor Sófocles Parra Salmerón. |
| 260 |
_aMadrid : _bQueimada, _c[1983] |
||
| 300 |
_a128 p., 2 h. ; _c21 cm. |
||
| 500 | _aÍndice. | ||
| 650 | 7 |
_aEstablecimientos penitenciarios- _zEspaña- _y1939-1975. _912515 |
|
| 650 | 4 |
_aPresos políticos- _zEspaña- _y1939-1975. _916394 |
|
| 852 |
_aES-MaACL _jC-57115 _z- Donativo Fundación Anselmo Lorenzo |
||
| 999 |
_c174319 _d174319 |
||